Thủy hử [ Trọn bộ 4 tập ]; T3

محفوظ في:
التفاصيل البيبلوغرافية
المؤلف الرئيسي: Thi Nại Am
التنسيق: كتاب
اللغة:Undetermined
منشور في: Hà Nội Văn học 1999
الموضوعات:
الوسوم: إضافة وسم
لا توجد وسوم, كن أول من يضع وسما على هذه التسجيلة!
Thư viện lưu trữ: Trung tâm Học liệu Trường Đại học Cần Thơ
LEADER 00491nam a2200169Ia 4500
001 CTU_8279
008 210402s9999 xx 000 0 und d
082 |a 895.13 
082 |b A104/T3/1999 
100 |a Thi Nại Am 
245 0 |a Thủy hử [ Trọn bộ 4 tập ]; T3 
245 0 |c Thi Nại Am, Trần Tuấn Khải 
260 |a Hà Nội 
260 |b Văn học 
260 |c 1999 
650 |a chinese fiction 
980 |a Trung tâm Học liệu Trường Đại học Cần Thơ